000 02861cam a2200529 a 4500
001 13446346
003 BJBSDDR
005 20260514132848.0
007 ta
008 031230s2004 nyuab 000 1 eng
010 _a 2003070124
020 _a0385337116
020 _a9780385337113
035 _a13446346
040 _aDLC
_cDLC
_dDLC
_beng
041 _aeng
043 _an-us-nj
050 0 0 _aPS3603.A435
_bC147r 2004
082 0 0 _a813/.6
_222
100 1 _aCaldwell, Ian,
_d976-
_948451
245 1 4 _aThe rule of four /
_cIan Caldwell & Dustin Thomason.
260 _aNew York :
_bDial Press,
_c2004.
300 _a372 p. :
_bill., map ;
_c25 cm.
336 _atext
_btxt
_2rdacontent
337 _aunmediated
_bn
_2rdamedia
338 _avolume
_bnc
_2rdacarrier
520 _a"Princeton. Good Friday, 1999. On the eve of graduation, two friends are a hairsbreadth from solving the mysteries of the "Hypnerotomachia Poliphili, "a Renaissance text that has baffled scholars for centuries. Famous for its hypnotic power over those who study it, the five-hundred-year-old "Hypnerotomachia "may finally reveal its secrets to Tom Sullivan, whose father was obsessed with the book, and Paul Harris, whose future depends on it. As the deadline looms, research has stalled until a vital clue is unearthed: a long-lost diary that may prove to be the key to deciphering the ancient text. But when a longtime student of the book is murdered just hours later, a chilling cycle of deaths and revelations begins one that will force Tom and Paul into a fiery drama, spun from a book whose power and meaning have long been misunderstood."--Publisher website
600 1 0 _aColonna, Francesco,
_d-1527.
_tHypnerotomachia Poliphili
_vFiction.
650 0 _aYoung men
_vFiction.
650 0 _aMale friendship
_vFiction.
650 0 _aCollege students
_vFiction.
650 0 _aFathers and sons
_vFiction.
650 0 _aItalian literature
_xAppreciation
_vFiction.
651 0 _aPrinceton (N.J.)
_vFiction.
655 7 _aSuspense fiction.
_2gsafd
655 7 _aBildungsromans.
_2gsafd
655 7 _aFiction.
_2lcgft
_0https://id.loc.gov/authorities/genreForms/gf2014026339
700 1 _aThomason, Dustin,
_d1976-
_948453
856 4 2 _3Contributor biographical information
_uhttp://www.loc.gov/catdir/bios/random051/2003070124.html
856 4 1 _3Sample text
_uhttp://www.loc.gov/catdir/samples/random051/2003070124.html
856 4 2 _3Publisher description
_uhttp://www.loc.gov/catdir/description/random051/2003070124.html
906 _a7
_bcbc
_corignew
_d1
_eocip
_f20
_gy-gencatlg
942 _2lcc
_cBK
_n0
946 _idpf
999 _c127096
_d127096